[Event "ICS rated bullet match"]
[Site "204.178.125.65"]
[Date "2000.03.07"]
[Round "?"]
[White "Hossa"]
[Black "PostModernist"]
[Result "0-1"]
[WhiteElo "2329"]
[BlackElo "2529"]
[PlyCount "156"]

1. c4 c5 2. Nc3 Nf6 3. g3 d5 4. cxd5 Nxd5 5. Bg2 Nc7 6. Nf3 Nc6 7. Qa4 Bd7 8.
Qe4 g6 9. Ne5 Bg7 10. Nxd7 Qxd7 11. d3 Bxc3+ 12. bxc3 O-O-O 13. O-O f5 14. Qe3
Ne6 15. Qh6 Rdg8 16. Bb2 Re8 17. Rfd1 Rd8 18. c4 Rhf8 19. Bxc6 Qxc6 20. Qxh7
Nd4 21. Bxd4 Rxd4 22. Qg7 Rf6 23. Rab1 Re6 24. Re1 Qe8 25. Rb3 Qc6 26. Ra3 a6
27. Rb3 Rd8 28. Qb2 Kc7 29. Rb1 b6 30. f4 Rdd6 31. a4 a5 32. Qa2 Qa8 33. Qd2
Kd8 34. Qe1 Qb7 35. Qf2 Qa8 36. R1b2 Kc7 37. e3 Qd8 38. Qe2 Qd7 39. Ra3 Kc8 40.
Rb5 Kc7 41. Rab3 Qd8 42. Qd2 Qa8 43. Qf2 Rd8 44. Qe2 Rdd6 45. Rb2 Kc8 46. Rb1
Kd8 47. R5b3 Kc7 48. R3b2 Kc8 49. Re1 Qc6 50. Rb5 Kd8 51. Rd1 Kc7 52. Rdb1 Qd7
53. R5b3 Qxa4 54. Qf2 Qd7 55. Qd2 Kd8 56. Qe2 Qb7 57. Rb5 Qa8 58. R1b2 a4 59.
Ra2 Kd7 60. Ra3 Kd8 61. Rb1 Rd7 62. Rba1 Ra7 63. Kf2 Kd7 64. Qb2 Qc6 65. Qc2
Rd6 66. Qe2 b5 67. cxb5 Qxb5 68. Qc2 Rda6 69. Rb1 Qc6 70. Qb2 Rc7 71. Rc1 Rb6
72. Qc3 Rcb7 73. Qxc5 Rb2+ 74. Qc2 Rxc2+ 75. Rxc2 Qxc2+ 76. Kf3 Qd1+ 77. Kg2
Rb2+ 78. Kh3 Qg4# 0-1

[Event "ICS rated bullet match"]
[Site "204.178.125.65"]
[Date "2000.03.07"]
[Round "?"]
[White "JSBach"]
[Black "Hossa"]
[Result "0-1"]
[WhiteElo "1946"]
[BlackElo "2321"]
[PlyCount "112"]

1. d4 Nf6 2. Nc3 d5 3. Nf3 e6 4. Qd3 Nc6 5. Bg5 Be7 6. O-O-O Ng4 7. Be3 Nb4 8.
Qd2 O-O 9. a3 Na6 10. Rg1 c5 11. dxc5 Nxe3 12. Qxe3 Bxc5 13. Nd4 Qc7 14. Qg3
Qxg3 15. hxg3 e5 16. Ndb5 Bxf2 17. Rh1 d4 18. Ne4 Be3+ 19. Kb1 Bg4 20. Nbd6 f5
21. Nd2 Bf2 22. N2c4 Bxg3 23. Rd3 Bf4 24. g3 e4 25. Rxd4 Bxg3 26. Nxb7 Rab8 27.
Nbd6 Rfd8 28. Ka1 Nc5 29. Ka2 Na4 30. Nb5 a6 31. Rxd8+ Rxd8 32. Na7 Bf2 33. Nc6
Rd1 34. e3 Bf3 35. Ne7+ Kf7 36. Rxh7 Kxe7 37. Bh3 Kf6 38. Kb3 Nc5+ 39. Kb4 Ne6
40. Rh8 Rh1 41. Nd6 Bxe3 42. Nxf5 Rxh3 43. Rxh3 Kxf5 44. Rh7 Bd2+ 45. c3 e3 46.
Rh2 g5 47. Kc4 e2 48. Rxe2 Bxe2+ 49. Kd5 g4 50. c4 g3 51. b4 g2 52. c5 g1=Q 53.
Kd6 Qd4+ 54. Kc6 Qg7 55. Kd6 Qc7+ 56. Kd5 Qd7# 0-1

[Event "ICS rated bullet match"]
[Site "204.178.125.65"]
[Date "2000.03.07"]
[Round "?"]
[White "Hossa"]
[Black "JSBach"]
[Result "1-0"]
[WhiteElo "2324"]
[BlackElo "1943"]
[PlyCount "63"]

1. e4 e5 2. Nf3 Nf6 3. Nxe5 d6 4. Nf3 Nxe4 5. d4 Bd7 6. Bd3 d5 7. O-O Bb4 8. c3
Bd6 9. Qb3 Bc6 10. Nbd2 O-O 11. Re1 Qe7 12. Nxe4 dxe4 13. d5 Qf6 14. Bxe4 Re8
15. dxc6 bxc6 16. Bxh7+ Kf8 17. Rxe8+ Kxe8 18. Qb7 Bf4 19. Bxf4 Qxf4 20. Qxa8
Kd7 21. Qxb8 g6 22. Qxa7 c5 23. Qxc5 Qa4 24. Qf8 Ke6 25. Re1+ Kd5 26. Qxf7+ Kc6
27. Qe8+ Kb6 28. Qxa4 g5 29. Re6+ c6 30. Qxc6+ Ka7 31. Qb6+ Ka8 32. Re8# 1-0

[Event "ICS rated blitz match"]
[Site "204.178.125.65"]
[Date "2000.03.07"]
[Round "?"]
[White "Hossa"]
[Black "Muskovit3"]
[Result "0-1"]
[WhiteElo "2457"]
[BlackElo "2458"]
[PlyCount "182"]

1. e4 e5 2. Nf3 Nc6 3. Bb5 a6 4. Ba4 Nf6 5. O-O Be7 6. Re1 b5 7. Bb3 d6 8. c3
O-O 9. h3 Na5 10. Bc2 c5 11. d4 Qc7 12. Nbd2 cxd4 13. cxd4 Nc6 14. d5 Nb4 15.
Bb1 a5 16. Re3 Bb7 17. Rc3 Qd7 18. a3 Na6 19. Nb3 Nc7 20. Be3 a4 21. Nbd2 Rac8
22. Ba2 Na6 23. Rac1 Rxc3 24. Rxc3 Rc8 25. Qc2 Rxc3 26. bxc3 Nh5 27. Qb2 Nc7
28. c4 Ba6 29. c5 g6 30. c6 Qc8 31. Qb4 f6 32. Bh6 Bf8 33. Bxf8 Qxf8 34. Nf1
Bc8 35. Qa5 Qf7 36. Qb6 Qe7 37. Qb8 Qd8 38. Ne3 Nf4 39. Kf1 Nd3 40. Bb1 Nf4 41.
Bc2 Kf8 42. h4 Kg7 43. Ne1 Kf8 44. Bd3 Nxd3 45. Nxd3 Ke7 46. Nb4 f5 47. exf5
gxf5 48. Kg1 f4 49. Nd1 Bg4 50. Qxd8+ Kxd8 51. f3 Bf5 52. Nc3 Bg6 53. Kf2 Ke7
54. Ke1 h6 55. Ke2 Bh5 56. Kd2 Bg6 57. Ke1 Bh5 58. Kf2 Bf7 59. g4 fxg3+ 60.
Kxg3 Kf6 61. f4 Kf5 62. fxe5 Kxe5 63. Kf3 Kd4 64. Ne2+ Kc4 65. Nc1 Nxd5 66. Na6
Be6 67. Ne2 Bc8 68. Nb8 b4 69. axb4 a3 70. Nc1 Nxb4 71. Nd7 Kb5 72. Nb3 Nxc6
73. Nf6 Kb4 74. Nc1 Kc3 75. Nd5+ Kc2 76. Na2 Be6 77. Ke4 Kb2 78. Ndc3 Bxa2 79.
Kd3 Bb1+ 80. Kd2 Ne5 81. Na4+ Kb3 82. Nc3 Nc4+ 83. Kc1 Bd3 84. Na2 Kxa2 85. Kd1
Kb3 86. Ke1 a2 87. Kf2 a1=Q 88. Kg2 Qf1+ 89. Kg3 Qg1+ 90. Kf4 Ne5 91. h5 Qf2#
0-1

[Event "ICS rated blitz match"]
[Site "204.178.125.65"]
[Date "2000.03.07"]
[Round "?"]
[White "Muskovit3"]
[Black "Hossa"]
[Result "1-0"]
[WhiteElo "2474"]
[BlackElo "2441"]
[PlyCount "98"]

1. e4 e5 2. Nf3 Nc6 3. Bb5 a6 4. Ba4 Nf6 5. O-O Be7 6. Re1 b5 7. Bb3 O-O 8. c3
d5 9. exd5 Nxd5 10. Nxe5 Nxe5 11. Rxe5 c6 12. d4 Bd6 13. Re1 Qh4 14. g3 Qh3 15.
Be3 Bg4 16. Qd3 Rae8 17. Nd2 Re6 18. a4 f5 19. Qf1 Qh5 20. f4 bxa4 21. Rxa4
Rfe8 22. Rxa6 Kh8 23. Bxd5 cxd5 24. Qb5 Rh6 25. Nf1 Bf3 26. Bd2 Rg8 27. Re3 Be4
28. Ra7 Qh3 29. Qe2 Rg6 30. Qf2 Re6 31. Be1 Re7 32. Ra6 Rd8 33. Nd2 Bc7 34. b4
Bb8 35. Qe2 Bd6 36. c4 dxc4 37. g4 Qh6 38. Nxc4 Qf6 39. gxf5 Bd5 40. Nxd6 Qxd4
41. Bd2 Bb7 42. Nxb7 Rxb7 43. Bc3 Qd1+ 44. Qxd1 Rxd1+ 45. Kg2 Kg8 46. Ra8+ Kf7
47. Rg3 g6 48. Rh8 Re7 49. Rxh7+ Ke8 1-0

[Event "ICS rated standard match"]
[Site "204.178.125.65"]
[Date "2000.03.07"]
[Round "?"]
[White "Hossa"]
[Black "Zippy"]
[Result "0-1"]
[WhiteElo "2170"]
[BlackElo "2278"]
[PlyCount "126"]

1. e4 c5 2. c3 Nf6 3. e5 Nd5 4. d4 cxd4 5. Nf3 Nc6 6. cxd4 d6 7. Bc4 e6 8. O-O
Be7 9. Qe2 O-O 10. Qe4 dxe5 11. dxe5 Na5 12. Bd3 f5 13. Qe2 Nc6 14. Rd1 Qc7 15.
Nc3 Nxc3 16. bxc3 a6 17. Bb2 Rd8 18. Rab1 Qa5 19. Bc4 Kh8 20. Rxd8+ Bxd8 21.
Re1 b5 22. Bb3 Be7 23. Nd4 Nd8 24. Qf3 Ra7 25. Qh5 g6 26. Qh3 Rc7 27. Re2 Bc5
28. Qh4 Be7 29. Qf4 Bd7 30. Re1 Qb6 31. Rf1 Nf7 32. Rd1 a5 33. Nf3 g5 34. Qg3
g4 35. Nd4 Ng5 36. Bc2 Qb7 37. Qf4 Rc4 38. Bb3 Rc8 39. Ba3 Bc6 40. Nxc6 Rxc6
41. Bb2 Rc8 42. a3 Rg8 43. Qe3 Qc6 44. Re1 Bc5 45. Qd2 Ne4 46. Rxe4 fxe4 47. c4
Rf8 48. Bd4 Qd7 49. cxb5 Bxd4 50. Qc1 Qxb5 51. Bc4 Bxf2+ 52. Kh1 Rc8 53. Qf1
Qxc4 54. Qxc4 Rxc4 55. g3 e3 56. Kg2 Rc1 57. h3 Rg1+ 58. Kh2 e2 59. a4 Rh1+ 60.
Kg2 Rg1+ 61. Kh2 Bxg3+ 62. Kxg1 gxh3 63. Kh1 e1=Q# 0-1

[Event "ICS rated blitz match"]
[Site "204.178.125.65"]
[Date "2000.03.07"]
[Round "?"]
[White "Hossa"]
[Black "Muskovit3"]
[Result "0-1"]
[WhiteElo "2427"]
[BlackElo "2488"]
[PlyCount "136"]

1. e4 e5 2. Nf3 Nc6 3. Bb5 a6 4. Ba4 Nf6 5. O-O Be7 6. Re1 b5 7. Bb3 d6 8. c3
O-O 9. h3 Na5 10. Bc2 c5 11. d4 Qc7 12. Nbd2 cxd4 13. cxd4 Nc6 14. a3 Bd7 15.
d5 Na5 16. Re3 Rac8 17. Rc3 Qb6 18. Nb1 Rxc3 19. Nxc3 Qc7 20. Bg5 h6 21. Bh4
Nc4 22. Qb1 Nxb2 23. Nxb5 Bxb5 24. Qxb2 Rc8 25. Bxf6 Bxf6 26. Ne1 Bg5 27. Bd3
Bxd3 28. Nxd3 Qc4 29. Qb7 Rf8 30. Nb4 Qc3 31. Rb1 a5 32. Nc6 Qxa3 33. Qd7 Qd3
34. Re1 Qc3 35. Rf1 Qc5 36. Rd1 Bh4 37. Rf1 a4 38. g3 Bxg3 39. Ne7+ Kh8 40. Qf5
a3 41. Ng6+ fxg6 42. Qxf8+ Kh7 43. Qf3 Bf4 44. Ra1 Bc1 45. Qb3 Bb2 46. Re1 Qc3
47. Qxc3 Bxc3 48. Re2 Bb2 49. h4 a2 50. Re1 a1=Q 51. Rxa1 Bxa1 52. Kf1 g5 53.
hxg5 h5 54. Kg2 Kg6 55. Kh3 Kxg5 56. Kg3 Bd4 57. f3 Be3 58. Kh3 Kf4 59. Kg2 g5
60. Kf1 Kxf3 61. Ke1 g4 62. Kd1 g3 63. Kc2 g2 64. Kc3 g1=Q 65. Kc4 Qb1 66. Kc3
Qb5 67. Kc2 Qb4 68. Kd3 Qb3# 0-1

[Event "ICS rated blitz match"]
[Site "204.178.125.65"]
[Date "2000.03.07"]
[Round "?"]
[White "Muskovit3"]
[Black "Hossa"]
[Result "1-0"]
[WhiteElo "2501"]
[BlackElo "2414"]
[PlyCount "97"]

1. e4 c5 2. Nf3 e6 3. d4 cxd4 4. Nxd4 Nf6 5. Nc3 d6 6. Be2 Be7 7. O-O O-O 8. f4
a6 9. Kh1 Qc7 10. a4 Nc6 11. Be3 Rd8 12. Qe1 d5 13. exd5 exd5 14. Rd1 Ne4 15.
Nxe4 dxe4 16. Qc3 Bf6 17. Qc5 Bd7 18. Nf5 Be6 19. Nd4 Bxd4 20. Bxd4 Rac8 21.
Be3 f5 22. Kg1 g6 23. c3 Re8 24. Rd6 b6 25. Qa3 Qb7 26. Rfd1 Kh8 27. c4 Kg8 28.
b4 Qf7 29. Bxb6 Ne7 30. c5 Bc4 31. Qb2 Bxe2 32. Qxe2 Qb3 33. Qxa6 Qxb4 34. Qb5
Qc3 35. Qd7 Ra8 36. c6 Qc4 37. c7 Qa2 38. Re6 Qc2 39. Re5 h6 40. Bc5 Qxa4 41.
Qxa4 Rxa4 42. Rxe7 Rf8 43. Rdd7 Ra1+ 44. Kf2 Ra2+ 45. Kg3 Ra3+ 46. Bxa3 g5 47.
Rg7+ Kh8 48. Rh7+ Kg8 49. Rdg7# 1-0

[Event "ICS rated blitz match"]
[Site "204.178.125.65"]
[Date "2000.03.07"]
[Round "?"]
[White "Hossa"]
[Black "Muskovit3"]
[Result "0-1"]
[WhiteElo "2402"]
[BlackElo "2513"]
[PlyCount "104"]

1. c4 Nf6 2. Nc3 g6 3. Nf3 Bg7 4. g3 O-O 5. Bg2 d6 6. d4 Nbd7 7. Bg5 h6 8. Bd2
e5 9. O-O c6 10. d5 Nb6 11. Qb3 Bf5 12. Nh4 Bd7 13. f4 exf4 14. Bxf4 g5 15.
Bxd6 gxh4 16. dxc6 Bxc6 17. Bxf8 Qxf8 18. Bxc6 Qc5+ 19. e3 Qxc6 20. c5 Qxc5 21.
Rf3 hxg3 22. Rxg3 Re8 23. Re1 Nh5 24. Rf3 Re7 25. Re2 Nc4 26. Ref2 Nxe3 27. Ne2
Bf6 28. Qd3 Ng4 29. b4 Qb6 30. Kf1 Nxf2 31. Rxf2 Qxb4 32. Qf5 Bg5 33. Qc8+ Kg7
34. Qc3+ Qxc3 35. Nxc3 Kg6 36. a4 Rc7 37. Nb5 Rc1+ 38. Kg2 a6 39. Na3 Nf4+ 40.
Kg3 Kf5 41. Nc2 Ke4 42. h3 Rh1 43. Nd4 Kxd4 44. Rxf4+ Bxf4+ 45. Kf3 Rxh3+ 46.
Kxf4 a5 47. Kg4 Ra3 48. Kh5 Ke5 49. Kxh6 Kf6 50. Kh7 Rh3+ 51. Kg8 Rh2 52. Kf8
Rh8# 0-1

[Event "ICS rated blitz match"]
[Site "204.178.125.65"]
[Date "2000.03.07"]
[Round "?"]
[White "Muskovit3"]
[Black "Hossa"]
[Result "1-0"]
[WhiteElo "2524"]
[BlackElo "2391"]
[PlyCount "99"]

1. e4 e5 2. Nf3 Nc6 3. Bb5 Nf6 4. O-O Bc5 5. c3 O-O 6. d4 Bb6 7. Bg5 a6 8. Bxc6
dxc6 9. Nxe5 Re8 10. Qf3 h6 11. Bh4 c5 12. dxc5 Bxc5 13. Nxf7 Kxf7 14. Bxf6
gxf6 15. Qh5+ Kg7 16. Qxc5 Rxe4 17. Na3 Qe7 18. Qd5 Re2 19. Nc4 Ra7 20. b3 Be6
21. Qd3 Bxc4 22. Qxc4 Ra8 23. Qg4+ Kh8 24. Rad1 f5 25. Qxf5 Rf8 26. Qh5 Qe6 27.
a3 b6 28. Qh4 c5 29. Rd8 Rxd8 30. Qxd8+ Kg7 31. Qc7+ Kg6 32. Qg3+ Kf6 33. Qf3+
Kg5 34. Qd3 c4 35. bxc4 h5 36. Qd4 Kg6 37. c5 bxc5 38. Qxc5 Rc2 39. Qd4 Ra2 40.
a4 Qe2 41. Rd1 Rb2 42. Qd6+ Kf7 43. Qd7+ Kg8 44. Qd8+ Kf7 45. Rd7+ Kg6 46. Rd6+
Kg7 47. Qf6+ Kg8 48. Rd8+ Qe8 49. Rxe8+ Kh7 50. Rh8# 1-0

[Event "ICS rated blitz match"]
[Site "204.178.125.65"]
[Date "2000.03.07"]
[Round "?"]
[White "Hossa"]
[Black "Zippy"]
[Result "1-0"]
[WhiteElo "2381"]
[BlackElo "2340"]
[PlyCount "177"]

1. e4 e5 2. Nf3 Nc6 3. Bb5 Nf6 4. O-O Nxe4 5. d4 Nd6 6. Bxc6 dxc6 7. dxe5 Ne4
8. Qxd8+ Kxd8 9. Re1 Nc5 10. Bg5+ Ke8 11. Nc3 Bg4 12. Nh4 h6 13. Be3 Be7 14. h3
Be6 15. Nf3 Kf8 16. Red1 Nd7 17. Ne2 Nc5 18. Nf4 Bf5 19. c3 g5 20. Ne2 Nd3 21.
Rd2 Be4 22. Ng3 Bxf3 23. Rxd3 Bd5 24. Rd2 Be6 25. Nh5 b6 26. f3 Re8 27. Rad1 c5
28. b3 c4 29. b4 Bf5 30. Bd4 Bg6 31. Ng3 Rg8 32. Bf2 Bd3 33. Nh5 a6 34. g3 Rg6
35. Bd4 c5 36. bxc5 bxc5 37. Be3 Re6 38. f4 Be4 39. Kf2 gxf4 40. Bxf4 a5 41.
Rd7 Rb8 42. Ra7 Rb2+ 43. Rd2 Rxd2+ 44. Bxd2 Bd8 45. Bf4 Bc6 46. Ra6 Bc7 47. h4
a4 48. g4 Bd8 49. g5 hxg5 50. Bxg5 Bxg5 51. hxg5 Bd5 52. Rxe6 Bxe6 53. a3 Ke7
54. Ke3 Bf5 55. Ng7 Bc2 56. Kf4 Bg6 57. Nf5+ Ke6 58. Nd6 Bd3 59. Kg4 Bc2 60.
Kg3 Kxe5 61. Nxf7+ Kf5 62. Kh4 Ke6 63. Nh6 Ke5 64. Ng4+ Kf4 65. Nf6 Ke5 66. Kh5
Bd1+ 67. Kh6 Ke6 68. g6 Kxf6 69. g7 Bf3 70. g8=Q Ke7 71. Qg5+ Kd7 72. Qf5+ Kc6
73. Qxf3+ Kb6 74. Qf6+ Ka5 75. Qd8+ Ka6 76. Qc7 Kb5 77. Qd6 Ka5 78. Qxc5+ Ka6
79. Qxc4+ Kb6 80. Qxa4 Kc5 81. Qd7 Kc4 82. Qe6+ Kxc3 83. a4 Kb4 84. Qc6 Ka3 85.
Qb5 Ka2 86. a5 Ka3 87. a6 Ka2 88. a7 Ka3 89. a8=Q# 1-0

[Event "ICS rated blitz match"]
[Site "204.178.125.65"]
[Date "2000.03.07"]
[Round "?"]
[White "Zippy"]
[Black "Hossa"]
[Result "1/2-1/2"]
[WhiteElo "2326"]
[BlackElo "2395"]
[PlyCount "174"]

1. d4 d5 2. Nf3 Nf6 3. c4 c6 4. Nc3 dxc4 5. a4 Bg4 6. Ne5 Bh5 7. Nxc4 e6 8. Qb3
b6 9. e3 c5 10. dxc5 Bxc5 11. g4 Bxg4 12. Bg2 Nbd7 13. h3 Bh5 14. Bxa8 Qxa8 15.
Rg1 O-O 16. a5 Qf3 17. axb6 axb6 18. Qc2 Qxh3 19. Qd3 Rb8 20. Rg3 Qh1+ 21. Qf1
Qxf1+ 22. Kxf1 Bg6 23. Ke1 b5 24. Nd2 Ne5 25. Nf3 Nd3+ 26. Kf1 b4 27. Nd1 Ne4
28. Rg1 Bh5 29. Nd2 Nd6 30. Kg2 Rd8 31. b3 Nf5 32. Ne4 Be7 33. Nb2 Ne5 34. Ng3
Nh4+ 35. Kf1 Bg4 36. Ra7 Rc8 37. Nc4 Bc5 38. Rb7 Nhf3 39. Rh1 Nd3 40. Ne2 Bf8
41. Ra7 e5 42. Ra1 Nc5 43. Na5 Rd8 44. Kg2 Rd7 45. Ng3 e4 46. Bb2 f5 47. Nc4 f4
48. exf4 Nxb3 49. Ra8 Rc7 50. Ne3 Bd7 51. Nd5 Rc2 52. Nxe4 Be6 53. Ndf6+ gxf6
54. Nxf6+ Kf7 55. Rxh7+ Kg6 56. Rxf8 Ne1+ 57. Kf1 Bc4+ 58. Kxe1 Re2+ 59. Kf1
Re8+ 60. Kg2 Rxf8 61. Rc7 Be6 62. Kg3 Rxf6 63. Bxf6 Kxf6 64. Rb7 Nc1 65. Rxb4
Ne2+ 66. Kf3 Nc3 67. Rb6 Kf5 68. Rxe6 Kxe6 69. Ke3 Kf5 70. f3 Nd5+ 71. Kd4 Nc7
72. Kd3 Ne8 73. Kd4 Ng7 74. Kd5 Nh5 75. Kd4 Nf6 76. Kc4 Nd7 77. Kd4 Nb6 78. Kd3
Nc8 79. Kd4 Ne7 80. Kd3 Ng8 81. Kd4 Nh6 82. Kd5 Kf6 83. f5 Nf7 84. f4 Nd8 85.
Kd4 Nc6+ 86. Ke4 Na7 87. Kd4 Nc8 1/2-1/2

[Event "ICS rated blitz match"]
[Site "204.178.125.65"]
[Date "2000.03.07"]
[Round "?"]
[White "Hossa"]
[Black "did"]
[Result "0-1"]
[WhiteElo "2375"]
[BlackElo "2208"]
[PlyCount "75"]

1. e4 e5 2. Nf3 Nc6 3. Bb5 a6 4. Ba4 Nf6 5. O-O Be7 6. Re1 b5 7. Bb3 d6 8. c3
O-O 9. h3 Na5 10. Bc2 c5 11. d4 Qc7 12. Nbd2 cxd4 13. cxd4 Nc6 14. Nb3 a5 15.
Be3 a4 16. Nbd2 Nb4 17. Bb1 Bd7 18. Qc1 Qxc1 19. Rxc1 exd4 20. Nxd4 Rac8 21.
Rxc8 Rxc8 22. a3 Na6 23. Bc2 Nc5 24. Re1 h6 25. b4 axb3 26. N4xb3 Ne6 27. Na1
d5 28. e5 Bxa3 29. exf6 d4 30. fxg7 dxe3 31. Rxe3 Bb2 32. Ndb3 Kxg7 33. Bf5
Bxa1 34. Rd3 Be8 35. h4 Bf6 36. Rg3+ Kf8 37. Re3 Rc3 38. Rxc3 0-1

[Event "ICS rated blitz match"]
[Site "204.178.125.65"]
[Date "2000.03.07"]
[Round "?"]
[White "Hossa"]
[Black "Tinker"]
[Result "1-0"]
[WhiteElo "2352"]
[BlackElo "2455"]
[PlyCount "107"]

1. e4 e5 2. Nf3 Nf6 3. Nxe5 Qe7 4. d4 d6 5. Nf3 Nxe4 6. Be2 b6 7. O-O Bg4 8.
Re1 d5 9. Nc3 c6 10. Nxe4 dxe4 11. Nd2 Bxe2 12. Rxe2 f5 13. f3 Qd7 14. Nc4 b5
15. Ne5 Qd5 16. fxe4 fxe4 17. c3 Nd7 18. Nxd7 Kxd7 19. Bf4 Re8 20. Qc2 Bd6 21.
Bxd6 Kxd6 22. Rae1 Qxa2 23. Rxe4 Qf7 24. Qe2 Rxe4 25. Qxe4 Rf8 26. Qe3 h5 27.
Ra1 a5 28. Re1 Kd7 29. d5 cxd5 30. Qc5 b4 31. Rd1 Qf4 32. Qxd5+ Kc8 33. Qa8+
Kc7 34. Qxa5+ Kc6 35. Qd5+ Kc7 36. Qc5+ Kb8 37. Qb6+ Kc8 38. Ra1 Rf6 39. Qc5+
Kb7 40. Qb5+ Rb6 41. Qd7+ Qc7 42. Ra7+ Kxa7 43. Qxc7+ Ka6 44. Qc4+ Kb7 45. cxb4
g6 46. Qd5+ Kc8 47. Qc5+ Kb7 48. b5 Ka7 49. Kf2 Kb7 50. Ke3 Re6+ 51. Kd2 Rb6
52. h4 Ka7 53. Kd3 Kb7 54. Kc4 1-0

[Event "ICS rated blitz match"]
[Site "204.178.125.65"]
[Date "2000.03.07"]
[Round "?"]
[White "Tinker"]
[Black "Hossa"]
[Result "0-1"]
[WhiteElo "2434"]
[BlackElo "2373"]
[PlyCount "96"]

1. e4 c5 2. Nc3 Nc6 3. Nd5 e6 4. Nc3 d5 5. d3 Nf6 6. exd5 exd5 7. Nge2 Be7 8.
Qd2 O-O 9. f3 Re8 10. Nb5 Qb6 11. Nbc3 d4 12. Nd1 Nd5 13. g3 Bf6 14. Bg2 Ne3
15. Nxe3 dxe3 16. Qd1 Bxb2 17. Bxb2 Qxb2 18. O-O Nd4 19. Nxd4 cxd4 20. Qe2 Re7
21. Rfb1 Qc3 22. f4 Be6 23. Be4 f5 24. Bf3 Rc8 25. a3 g6 26. Rc1 b6 27. Re1
Qxc2 28. Qxc2 Rxc2 29. Be2 Kg7 30. Rab1 h6 31. Rb4 Rd7 32. a4 Rd6 33. Rbb1 Bd7
34. Ra1 Rd5 35. h3 Ra5 36. Rac1 Bxa4 37. Rb1 Bc6 38. Rbc1 Raa2 39. Rxc2 Rxc2
40. h4 a5 41. Kf1 b5 42. Rb1 b4 43. Ke1 Rc3 44. h5 gxh5 45. Bxh5 Rxd3 46. Be2
Rc3 47. Bd1 d3 48. Kf1 Bb5 0-1

[Event "ICS Rated standard match"]
[Site "204.178.125.65"]
[Date "2000.03.07"]
[Round "?"]
[White "Hossa"]
[Black "PostModernist"]
[Result "0-1"]
[WhiteElo "2156"]
[BlackElo "2383"]
[PlyCount "122"]

1. e4 c6 2. d4 d5 3. exd5 cxd5 4. c4 Nf6 5. Nc3 Nc6 6. Bg5 e6 7. Nf3 Be7 8. Be2
O-O 9. O-O b6 10. Ne5 Bb7 11. Bf3 Rc8 12. Re1 dxc4 13. Qa4 Nxe5 14. Bxb7 Nd3
15. Bxc8 Nxe1 16. Ba6 Nd3 17. Qxc4 Nb4 18. Bxf6 gxf6 19. Rd1 Nxa6 20. Qxa6 Qc7
21. Qe2 Rd8 22. Qg4+ Kh8 23. Qh5 Kg7 24. Rd3 Qf4 25. Rg3+ Kf8 26. Re3 Qxd4 27.
h4 f5 28. Qh6+ Qg7 29. Qf4 Bc5 30. Rg3 Qd4 31. Qh6+ Ke7 32. Qg5+ Qf6 33. Qxf6+
Kxf6 34. Rf3 Ke5 35. a3 a5 36. Na4 Rd1+ 37. Kh2 Rd4 38. Nxc5 Rxh4+ 39. Rh3
Rxh3+ 40. Kxh3 bxc5 41. Kh4 Kd4 42. Kg5 Kd3 43. Kf4 Kc2 44. Kg5 Kxb2 45. Kh6 c4
46. a4 c3 47. Kxh7 c2 48. g3 c1=Q 49. Kg7 Qc7 50. Kf6 Ka3 51. Kg7 Kxa4 52. f3
Qxg3+ 53. Kxf7 Qxf3 54. Ke7 f4 55. Ke8 Qc6+ 56. Ke7 f3 57. Kf7 f2 58. Kg7 f1=Q
59. Kh6 Qf6+ 60. Kh7 Qd7+ 61. Kg8 Qdf7# 0-1

[Event "ICS rated blitz match"]
[Site "204.178.125.65"]
[Date "2000.03.07"]
[Round "?"]
[White "finishman"]
[Black "Hossa"]
[Result "0-1"]
[WhiteElo "2052"]
[BlackElo "2401"]
[PlyCount "48"]

1. e4 e5 2. Nf3 Nc6 3. Bc4 Bc5 4. d3 Nf6 5. O-O d6 6. a3 Bg4 7. Nbd2 O-O 8. Re1
Bb6 9. h3 Be6 10. b4 a5 11. b5 Nd4 12. Nxd4 Bxd4 13. Rb1 Bc3 14. Bxe6 fxe6 15.
Re2 d5 16. f3 Qe7 17. Nf1 Qc5+ 18. Kh1 a4 19. Ne3 Ra5 20. Qf1 Rxb5 21. Rxb5
Qxb5 22. Nd1 Ba1 23. c3 Qxd3 24. Ra2 Qxf1+ 0-1

[Event "ICS Rated standard match"]
[Site "204.178.125.65"]
[Date "2000.03.08"]
[Round "?"]
[White "PostModernist"]
[Black "Hossa"]
[Result "0-1"]
[WhiteElo "2390"]
[BlackElo "2149"]
[PlyCount "100"]

1. d4 Nf6 2. c4 e6 3. Nf3 b6 4. g3 Ba6 5. b3 Bb4+ 6. Bd2 Be7 7. Bg2 c6 8. O-O
d5 9. Ne5 Nfd7 10. Nxd7 Nxd7 11. Bc3 O-O 12. Nd2 b5 13. c5 Nf6 14. b4 Qc7 15.
e3 Rfd8 16. Qe2 Bb7 17. Qd3 Rab8 18. a4 a6 19. Bf3 bxa4 20. Rxa4 Qd7 21. Rfa1
Ne8 22. Nb3 Nc7 23. Na5 Bc8 24. Bd1 Nb5 25. Bb2 Bf6 26. Bc2 g6 27. Qe2 Bg7 28.
Qf3 Nc7 29. Bd3 f6 30. Qf4 e5 31. dxe5 fxe5 32. Qh4 Rf8 33. g4 Ne6 34. Rc1 Rf3
35. Rc2 Bf6 36. Qh6 Bg5 37. Bxe5 Bxh6 38. Bxb8 Nd4 39. Bf5 Nxf5 40. gxf5 Rxe3
41. fxe3 Bxe3+ 42. Rf2 Qxf5 43. Raa2 Qb1+ 44. Kg2 Qe4+ 45. Kf1 Bg4 46. Rf8+
Kxf8 47. Rf2+ Kg8 48. Rf8+ Kxf8 49. Bd6+ Kg8 50. Nxc6 Qh1# 0-1

[Event "ICS rated blitz match"]
[Site "204.178.125.65"]
[Date "2000.03.08"]
[Round "?"]
[White "Chabanon"]
[Black "Hossa"]
[Result "0-1"]
[WhiteElo "2186"]
[BlackElo "2405"]
[PlyCount "37"]

1. d4 d5 2. c4 dxc4 3. Nf3 Nf6 4. e3 Bg4 5. Bxc4 e6 6. h3 Bh5 7. O-O Bd6 8. Nc3
O-O 9. e4 Bxf3 10. Qxf3 Nc6 11. Be3 e5 12. d5 Nd4 13. Bxd4 exd4 14. Nb5 Qe7 15.
Rfe1 Rfe8 16. Nxd4 Qe5 17. Nf5 Qh2+ 18. Kf1 Nxe4 19. Ke2 0-1

[Event "ICS rated standard match"]
[Site "204.178.125.65"]
[Date "2000.03.08"]
[Round "?"]
[White "Hossa"]
[Black "huge"]
[Result "0-1"]
[WhiteElo "2175"]
[BlackElo "2325"]
[PlyCount "158"]

1. d4 Nf6 2. c4 e6 3. Nc3 Bb4 4. e3 c5 5. Nge2 O-O 6. a3 Bxc3+ 7. Nxc3 cxd4 8.
exd4 d5 9. Be3 Nc6 10. Be2 dxc4 11. Bxc4 a6 12. O-O b5 13. Ba2 Bb7 14. Re1 Ne7
15. Bg5 Kh8 16. Bxf6 gxf6 17. Qh5 Qxd4 18. Rad1 Qb6 19. Qh4 Ng8 20. Bb1 f5 21.
Qg3 Qc5 22. Rd7 Bc6 23. Rc7 Rac8 24. Rxc8 Rxc8 25. Ne2 Nf6 26. Rc1 Qd5 27. Qg5
Ng4 28. f3 Rd8 29. Qh4 Qd1+ 30. Qe1 Qxe1+ 31. Rxe1 Ne5 32. Nf4 Nc4 33. Nd3 Kg7
34. Kf2 Kf6 35. Nb4 Bd5 36. Nxa6 Nxb2 37. Nc7 Bc4 38. Rc1 Rd3 39. Rc2 Nd1+ 40.
Ke1 Ne3 41. Rd2 Rxa3 42. Kf2 Nf1 43. Rd1 Rb3 44. Kg1 Rb2 45. Rc1 Ne3 46. g3 b4
47. f4 b3 48. Kh1 Ng4 49. h3 Nf2+ 50. Kg1 Nxh3+ 51. Kh1 Be2 52. Kg2 Bg4+ 53.
Kf1 Rh2 54. Ke1 b2 55. Rc3 Re2+ 56. Kf1 Rf2+ 57. Ke1 Rh2 58. Ba2 Ng1 59. Kf1
Nf3 60. Rxf3 Bxf3 61. Nb5 Bd5 62. Ke1 Bxa2 63. Na3 Rc2 64. g4 fxg4 65. Nxc2
b1=Q+ 66. Kd2 Qb2 67. Kd3 Qb3+ 68. Kd2 g3 69. Ne1 Qd5+ 70. Kc2 g2 71. Nxg2
Qxg2+ 72. Kc3 h5 73. Kd3 h4 74. Kc3 h3 75. Kd3 h2 76. Kd4 h1=Q 77. Kc5 Qc6+ 78.
Kb4 Qb1+ 79. Ka3 Qa8# 0-1

[Event "ICS rated blitz match"]
[Site "204.178.125.65"]
[Date "2000.03.08"]
[Round "?"]
[White "Hossa"]
[Black "Naughty-Wood"]
[Result "1-0"]
[WhiteElo "2408"]
[BlackElo "2251"]
[PlyCount "65"]

1. e4 c5 2. Nf3 Nc6 3. d4 cxd4 4. Nxd4 Nf6 5. Nc3 e5 6. Ndb5 d6 7. Bg5 a6 8.
Na3 b5 9. Nd5 Be7 10. Bxf6 Bxf6 11. c3 O-O 12. Nc2 Bg5 13. a4 bxa4 14. Rxa4 a5
15. Bc4 Rb8 16. b3 Kh8 17. O-O f5 18. exf5 Bxf5 19. Nce3 Bg6 20. Ra2 e4 21. Re1
Ne5 22. Qd4 Nxc4 23. Qxc4 Qc8 24. Rxa5 Qxc4 25. Nxc4 Rxb3 26. Nxd6 Rd8 27. Ra6
h6 28. h4 Bxh4 29. Nf4 Rxd6 30. Rxd6 Bf7 31. Rd7 Kg8 32. Ra1 Rb8 33. Raa7 1-0

[Event "ICS Rated blitz match"]
[Site "204.178.125.65"]
[Date "2000.03.08"]
[Round "?"]
[White "Beadle"]
[Black "Hossa"]
[Result "1-0"]
[WhiteElo "2539"]
[BlackElo "2417"]
[PlyCount "137"]

1. e4 c5 2. Nf3 d6 3. d4 cxd4 4. Nxd4 Nf6 5. Nc3 a6 6. Be3 e6 7. f4 d5 8. exd5
exd5 9. a3 Be7 10. Bd3 Bg4 11. Qd2 O-O 12. h3 Bd7 13. O-O Re8 14. Rfe1 Nc6 15.
Nxc6 bxc6 16. Qf2 Qc7 17. Bd4 Qb7 18. b3 Qc7 19. Rxe7 Rxe7 20. Qh4 h5 21. Bxf6
gxf6 22. Qxh5 f5 23. Qg5+ Kf8 24. Qf6 Qa7+ 25. Kh1 Ree8 26. Qh8+ Ke7 27. Re1+
Kd6 28. Qf6+ Kc7 29. Re2 Rxe2 30. Nxe2 Qc5 31. Qxf7 Re8 32. b4 Qe3 33. Qg7 Re7
34. Qd4 Qxd4 35. Nxd4 Rf7 36. Bxa6 Kb6 37. Be2 c5 38. Nb3 cxb4 39. axb4 Ba4 40.
Nd4 Rf6 41. Kh2 Bc6 42. Bd3 Bd7 43. Kg3 Rf7 44. Kf3 Rf8 45. g4 Rh8 46. Kg3 fxg4
47. hxg4 Rh1 48. f5 Rb1 49. g5 Rxb4 50. g6 Rb1 51. f6 Rg1+ 52. Kf2 Rg4 53. f7
Rf4+ 54. Ke3 Rf6 55. g7 Rxf7 56. g8=Q Re7+ 57. Kd2 Re8 58. Qxd5 Kc7 59. Qc5+
Kb7 60. Qd6 Ba4 61. Qb4+ Kc8 62. Qxa4 Re7 63. Qa8+ Kc7 64. Nb5+ Kd7 65. Bf5+
Re6 66. Qb7+ Kd8 67. Bxe6 Ke8 68. Nd6+ Kf8 69. Qf7# 1-0